| STA | |a CARGASFX LKR |
| FMT | SE |
| LDR | 00000nas-a22-----zi-4500 |
| 006 | m d |
| 007 | cr nuu---uuuuu |
| 008 | 260605b*SFX ||| | pss |0 |eng d |
| 022 | |a 2640-3943 |b (en papel) |
| 022 | |a 2640-3951 |b (en línea) |
| 24504 | |a The Journal of financial data science |h [Recurso electrónico] |
| 260 | |a New York |b Pageant Media |
| 506 | |a Acceso solo para usuarios del Banco de España |
| 85640 | |u https://sfx-34bde.hosted.exlibrisgroup.com/bde?ctx_ver=239.99-2004&sid=ALEPH&sfx.ignore_date_threshold=1&rft.object_id=4520000000000400&rft.object_portfolio_id=5580000006895361 |z Disponible desde 2022/01/01. Plataforma: EBSCOhost Business Source Ultimate |
| 85640 | |u https://sfx-34bde.hosted.exlibrisgroup.com/bde?ctx_ver=239.99-2004&sid=ALEPH&sfx.ignore_date_threshold=1&rft.object_id=4520000000000400 |z Ver información de este recurso en SFX |
| LKR | |a PAR |l NSB01 |b 000473634 |m Ver fondos disponibles en formato electrónico |n Comprobar si existen fondos disponibles en papel |
| 090 | |a 4520000000000400 |
| TYP | |a Revista |
| TYP | |a Recurso electronico |
| TYP | |a Revista electronica |
| TYP | |a EL |b Acceso |
| SYS | 000411947 |
2013 Banco de España, Madrid, España. Reservados todos los derechos
Basado en Ex Libris (© 2009 Ex Libris)